| 000 | 01757nam a22002177a 4500 | ||
|---|---|---|---|
| 003 | OSt | ||
| 005 | 20230415122303.0 | ||
| 008 | 120620t xxu||||| |||| 00| 0 eng d | ||
| 020 |
_a9781593455132 _q1593455135 |
||
| 040 | _cWIUC-GH | ||
| 050 | _aHV9950.M47 | ||
| 100 |
_aMcDowell, Lana _91195 |
||
| 245 |
_aStudy guide to: Justice, crime and ethics by |Mathew Bender, 6th ed. / _cLana McDowell, Jenniffer Mongold |
||
| 250 | _a6th ed. | ||
| 260 |
_aCincinati, OH : _bLexisNexis, _c2008. |
||
| 300 | _aiv, 75 p.: | ||
| 505 | _aContents: Ethics, crime and justice: an introductory note to students -- Utilitarian and deontological approaches to criminal justice ethics -- Peacemaking, justice and ethics -- How police officers learn ethics -- The ethics of deceptive interrogation -- Ethical dilemmas in police work -- Police ethics, legal proselytism and the social order: paving the path to misconduct -- Whatever happened to Atticus Finch? -- Lawyers as legal advocates and moral agents -- Prosecutor misconduct -- Criminal sentencing: ethical issues and the problems of reform -- Crime and punishment: punishment philosophies and ethical dilemmas -- To die or not to die: morality, ethics and the death penalty -- Ethical issues in probation, parole and community corrections -- Restorative justice and the peacemaking ethic -- Keeping an eye on the keeper: prison corruption and its control -- Ethics and prison: selected issues -- Crime and justice myths -- The Ford Pinto case and beyond: assessing blame -- Ethics and criminal justice research -- The Canary's song: Guantanamo and the war on terrorism -- Criminal justice: an ethic for the future -- | ||
| 650 |
_aCriminal justice _91196 |
||
| 700 |
_aMongold, Jennifer _91197 |
||
| 942 |
_2lcc _cBK |
||
| 999 |
_c9507 _d17007 |
||